Gaming Quiz

Random Gaming or Pokémon Quiz

Water Type Pokemon (Gen 2) Quiz Stats

 Plays Quiz not verified by Sporcle

Challenge
Share
Tweet
Embed
Score 0/18 Timer 03:00
0 Plays Today
Pokemon % Correct
Totodile
94.5%
Croconaw
89.7%
Feraligatr
89.1%
Suicune
76.2%
Remoraid
70.5%
Octillery
68.9%
Mantine
68.9%
Wooper
68.7%
Lanturn
68.4%
Pokemon % Correct
Quagsire
68.2%
Chinchou
67.6%
Kingdra
65.6%
Marill
61.7%
Corsola
60.7%
Azumarill
60.6%
Politoed
59.3%
Slowking
56.4%
Qwilfish
54.4%

You're not logged in!

Compare scores with friends on all Sporcle quizzes.
OR
Log In

You Might Also Like...

Show Comments

Extras

Top Quizzes Today


Score Distribution

Your Account Isn't Verified!

In order to create a playlist on Sporcle, you need to verify the email address you used during registration. Go to your Sporcle Settings to finish the process.

Report this User

Report this user for behavior that violates our Community Guidelines.

Details: